| 000 | 01126nam a2200301Ia 4500 | ||
|---|---|---|---|
| 001 | ebr2004652 | ||
| 003 | CaPaEBR | ||
| 006 | m u | ||
| 007 | cr cn||||||||| | ||
| 008 | 770323r20011896onc s 000 0 eng d | ||
| 040 |
_aCaPaEBR _cCaPaEBR |
||
| 035 | _a(OCoLC)70722488 | ||
| 041 | 1 |
_aeng _afre |
|
| 050 | 1 | 4 |
_aHM281 _b.L53 2001eb |
| 100 | 1 |
_aLe Bon, Gustave, _d1841-1931. |
|
| 240 | 1 | 0 |
_aPsychologie des foules. _lEnglish |
| 245 | 1 | 4 |
_aThe Crowd _h[electronic resource] : _ba study of the popular mind / _cGustave Le Bon. |
| 260 |
_aKitchener, Ont. : _bBatoche, _c2001. |
||
| 300 | _a129 p. | ||
| 500 | _aNotes : 120-129. | ||
| 500 | _aOriginally published : [S.l. : s.n.], 1896. | ||
| 533 |
_aElectronic reproduction. _bPalo Alto, Calif. : _cebrary, _d2009. _nAvailable via World Wide Web. _nAccess may be limited to ebrary affiliated libraries. |
||
| 650 | 0 | _aCrowds. | |
| 650 | 0 | _aSocial psychology. | |
| 655 | 7 |
_aElectronic books. _2local |
|
| 710 | 2 | _aebrary, Inc. | |
| 856 | 4 | 0 |
_uhttp://site.ebrary.com/lib/rucke/Doc?id=2004652 _zAn electronic book accessible through the World Wide Web; click to view |
| 999 |
_c226045 _d226045 |
||